000 00805cam a22002651 4500
001 sa 65000727
003 DLC
005 20260227112105.0
008 900214s1961 ii 000 0 sano
010 _asa 65000727
035 _a(OCoLC)21063043
040 _aDLC
_cWaU
_dDLC
042 _apremarc
050 0 0 _aPK541
_b.B54
100 0 _aBhaṭṭojī Dīkṣita.
245 1 0 _aSiddhānta-kaumudī, Kārakaprakaraṇa.
260 _c[1961]
300 _a2, 80 p.
_c19 cm.
440 0 _aVidyabhawan Sanskrit granthamala,
_v60
500 _aIn Sanskrit.
500 _aThe Siddhānta-kaumudī by Bhaṭṭoji Dīkṣita is a commentary on Pāṇin's Aṣṭādhyāyī.
650 0 _aSanskrit language
_xGrammar.
700 0 _aPāṇini,
_tAṣṭādhyāyi.
700 1 _aPandeya, Umesh Chandra.
999 _c61701
_d61701